000 00650nam a2200217Ia 4500
003 GCL
008 140319s9999 xx 000 0 ara d
040 _aGCL /
_cGCL
082 0 4 _a001.6424
_bك م
100 1 _aكيزر, جريج
245 1 0 _aالماكنتوش للمكاتب MACOFFICE /
_cكيزر, جريج
700 1 _aمروان دندن (مترجم)
300 _a359 ص
490 _a
650 0 4 _aالمحاسبة الالية
650 0 4 _aالحاسبات الالكترونية
650 0 4 _aمايكروسوفت
650 0 4 _aاختزان واسترجاع المعلومات
650 0 4 _aماكنتوش
942 _2ddc
_cBK
999 _c40965
_d40965